| 000 | 00760nam a2200217 a 4500 | ||
|---|---|---|---|
| 001 | 000004016 | ||
| 005 | 20200929150651.0 | ||
| 008 | 720929s1970 mx b 000 0 spa | ||
| 040 |
_aDO-SdBNP _bspa _cBNPHU |
||
| 082 |
_a813.2 _bS246c |
||
| 100 | 1 |
_aSaroyan, William, _d1908-1981. _912021 |
|
| 240 | 1 | 0 |
_aShort drive, sweet chariot. _lEspañol |
| 245 | 1 | 0 |
_aCorto viaje, linda carroza / _cWilliam Saroyan; traductor, Nuria Parés. |
| 260 |
_aMéxico : _bDiana, _c1970. |
||
| 300 |
_a155 p. : _bil., maps. ; _c22 cm. |
||
| 534 |
_pTítulo original: _tShort drive, sweet chariot |
||
| 650 | 4 |
_aNovela estadounidense _9262 |
|
| 650 | 4 |
_aLiteratura estadounidense _9263 |
|
| 651 | 4 |
_aEstados Unidos _xDescripción Y Viaje _912022 |
|
| 700 | 1 |
_aParés, Nuria, _etr. _99909 |
|
| 999 |
_c3835 _d3835 |
||